| 000 | 00684nam a22001577a 4500 | ||
|---|---|---|---|
| 999 |
_c12264 _d12264 |
||
| 008 | 221014b 2010 ||||| |||| 00| 0 eng d | ||
| 020 | _a9788129115300 | ||
| 082 |
_a823.92 _bBHA |
||
| 100 | _aBhagat, Chetan | ||
| 245 | _a2 states | ||
| 250 | _a53rd ed. | ||
| 260 |
_aNew Delhi _bRupa & Company _c2010 |
||
| 300 | _ax, 269p. | ||
| 520 | _a2 States by Chetan Bhagat is the story of Krish and Ananya who are from two different states of India, “stupidly in love” and want to get married not by eloping but with their parent's consent. Everything looks easy except Ananya is from a conservative Tamil family and Krish is from a typical Punjabi family.17-Aug-2013 | ||
| 942 | _cGB | ||